Beyond economics : postmodernity, globalization and national sustainability

Αποθηκεύτηκε σε:
Λεπτομέρειες βιβλιογραφικής εγγραφής
Κύριος συγγραφέας: Sauer-Thompson, Gary
Άλλοι συγγραφείς: Smith, Joseph Wayne
Μορφή: Βιβλίο
Γλώσσα:English
Δημοσίευση: Aldershot : Avebury, 1996
Θέματα:
Ετικέτες: Προσθήκη ετικέτας
Δεν υπάρχουν, Καταχωρήστε ετικέτα πρώτοι!

MARC

LEADER 00000nam a2200000 i 4500
001 1/97631
008 000111s1996 eng d
020 |a 1-85972-341-1 
035 |l 10056211 
040 |a GR-MY-UA  |b    |e aacr 
041 0 |a eng 
082 0 |a 335.4120994 
100 1 |a Sauer-Thompson, Gary. 
245 1 0 |a Beyond economics :  |b postmodernity, globalization and national sustainability /  |c Gary Sauer-Thompson; Joseph Wayne Smith 
260 |a Aldershot :   |b Avebury,   |c 1996 
300 |a 258 σ. 
504 |a Περιλαμβάνει βιβλιογραφικές παραπομπές και ευρετήριο 
650 0 0 |a Marxian economics  |z Australia. 
650 0 0 |a Philosophy, Marxist  |z Australia. 
650 0 0 |a Competition, International. 
650 0 0 |a Sustainable development  |z Australia. 
700 1 |a Smith, Joseph Wayne. 
852 |a INST  |b LESVOS  |e 20000111  |h 335.4120994 SAU  |p 005100020423  |q 005100020423  |t BK  |y 0 
901 |a BIBL1-2000-1 
909 |a Λ  |b 072634 
922 |a 1ΕΛΗ  |b 199912  |c ΚΠΣ/ΠΜΣ  |d ΠΑΠΑΣΩΤΗΡΙΟΥ 
950 |a 157-1999-07-07 
970 |a ΚΑΜΑΤΣΟΥ  |b ΔΕΣΠΟΙΝΑ  |z 2000/04/14